000 00937nam a2200241Ia 4500
003 OSt
005 20220923220944.0
006 a|||||r|||| 00| 0
007 ta
008 220922b |||||||| |||| 00| 0 hin d
024 _a192,702
037 _cTextual
040 _aARTS
_cARTS
_bhin
041 _2hin
_ahin
082 _aV2:1:J3, 152K0
100 _aरिजवी, सैयद अतहर अब्बास, अनु.
_9164870
245 0 _aमुगुल कालीन भारत
_b बाबर
246 _aMugul kālīn bhārata: bābara
260 _c1960
490 _aपबलिकेशन आफ दी डिपार्टमेंट आफ हिस्ठरी अलीगढ़ मुस्लिम यूनिवसर्टी; 19
942 _hV2:1:J3, 152K0
_cTEXL
_2CC
999 _c345274
_d345274